Innovation in construction (Record no. 106942)
[ view plain ]
| 000 -LEADER | |
|---|---|
| fixed length control field | 01322cad a22002175a 4500 |
| 001 - CONTROL NUMBER | |
| control field | L137938 |
| 008 - FIXED-LENGTH DATA ELEMENTS--GENERAL INFORMATION | |
| fixed length control field | 070509s2007 xxk f 000 0 eng d |
| 035 ## - SYSTEM CONTROL NUMBER | |
| System control number | (Sirsi) u137938 |
| 041 0# - LANGUAGE CODE | |
| Language code of text/sound track or separate title | eng |
| 050 04 - LIBRARY OF CONGRESS CALL NUMBER | |
| Classification number | 658.99 $2 18 |
| 100 1# - MAIN ENTRY--PERSONAL NAME | |
| Personal name | Dale, Jamie |
| 245 00 - TITLE STATEMENT | |
| Title | Innovation in construction |
| Remainder of title | ideas are the currency of the future |
| -- | survey 2007 |
| Medium | [electronic resource] |
| 260 ## - PUBLICATION, DISTRIBUTION, ETC. | |
| Place of publication, distribution, etc. | Ascot |
| Name of publisher, distributor, etc. | CIOB |
| Date of publication, distribution, etc. | 2007 |
| 520 ## - SUMMARY, ETC. | |
| Summary, etc. | Presents the findings of a survey of 459 construction industry professionals whose opinions were sought on the current state of innovation and research and development in construction. Reveals that nearly 50% of respondents would develop green technology and techniques, with ideas including carbon neutral construction materials, renewable energy systems and better waste management products. The internet and IT were viewed as the top innovations to hit construction in the last five years and 100% of respondents thought that innovation is important for the future of construction. |
| 590 ## - LOCAL NOTE (RLIN) | |
| Local note | KA |
| 651 #4 - SUBJECT ADDED ENTRY--GEOGRAPHIC NAME | |
| Geographic name | United Kingdom |
| Chronological subdivision | |
| 690 ## - LOCAL SUBJECT ADDED ENTRY--TOPICAL TERM (OCLC, RLIN) | |
| Topical term or geographic name as entry element | Construction management |
| 9 (RLIN) | 6230 |
| 710 2# - ADDED ENTRY--CORPORATE NAME | |
| Corporate name or jurisdiction name as entry element | Chartered Institute of Building |
| 9 (RLIN) | 2134 |
| 856 40 - ELECTRONIC LOCATION AND ACCESS | |
| Uniform Resource Identifier | <a href="https://www.ciob.org.uk/sites/ciob.org.uk/files/WEB-INF/files/documents/InnovationReport.pdf">https://www.ciob.org.uk/sites/ciob.org.uk/files/WEB-INF/files/documents/InnovationReport.pdf</a> |
| Public note | View the survey free of charge at www.ciob.org.uk |
| 942 ## - ADDED ENTRY ELEMENTS (KOHA) | |
| Suppress in OPAC | 0 |
| Withdrawn status | Lost status | Source of classification or shelving scheme | Damaged status | Not for loan | Home library | Current library | Shelving location | Date acquired | Total Checkouts | Full call number | Barcode | Date last seen | Copy number | Price effective from | Koha item type |
|---|---|---|---|---|---|---|---|---|---|---|---|---|---|---|---|
| Dewey Decimal Classification | Virtual | Virtual | Online | 09/05/2007 | ONLINE PUBLICATION | 137938-2001 | 06/08/2019 | 1 | 06/08/2019 | Book |